LEADER 00856nam a2200229 i 4500 001 000000244051 003 CaOOAMICUS 005 20150729000000.0 008 150729s1775 it u000 u fre u 013 $a222956 026 $ale,& 9.0. eri- (aC' (3) 1775 (R) 040 $aSeMil$bita 240 10$aSur S. Matt. 7.,24-27.$0(OLS)http://semarc/title/345970 245 10$aTome 7. 300 $a[4], 364 p. 500 $aSegn. : pg2 A-X8 Y4. 773 0 $aBertrand, Élie <1713-1797>$tMorale évangélique, ou Discours sur le sermon de Jesus-Christ sur la montagne. Tome 1. [-7.].$dA Neuchatel : Société typographique, 1775.$g7$w()32299 850 $aSeMil 852 $aSeMil$W1$xVenegono$y1$m3F V 12 FA$j194397$B194397$CSeMilBibl$Z2$F205018 $8I 941 1 $a10 961 $aRecupero: Mantegazza 996 $6245$aTome 7$9(OLS)http://semarc/title/1606 LEADER 01143nam a2200229 i 4500 001 000000071914 003 CaOOAMICUS 005 20090129000000.0 008 090129s1941 it u000 u lat u 013 $a43086 040 $aSeMil$bita 100 1 $aBuzzetti, Vincenzo,$d<1777-1824>.$0(OLS)http://semarc/name/9229 245 10$aPsychologiam completens. 260 $aPlacentiae :$bapud officinam librariam Merlini,$c1941. 300 $aXII, 272 p. ;$c22 cm. 700 1 $aTesta, Angelo.$0(OLS)http://semarc/name/9230 773 0 $aBuzzetti, Vincenzo <1777-1824>$tInstitutiones philosophiae iuxta Divi Thomae et Aristotelis inconcussa dogmata.$dPlacentiae : apud officinam librariam Merlini, 1940-1941.$w()20617 773 0 $tInstitutiones philosophicae nunc primum editae Amato Masnovo curante.$dPlacentiae : apud officinam librariam Merlini, 1940.$g2$w()20618 850 $aSeMil 852 $aSeMil$W1$xVenegono$y1$m2P V 141$j38067$B38067$CSeMilBibl$Z2$F38070 $81 996 $6245$aPsychologiam completens$9(OLS)http://semarc/title/115795 996 $6260$aPlacentiae :$bapud officinam librariam Merlini$9(OLS)http://semarc/publisher/35346 LEADER 01567nam a2200277 i 4500 001 000000080225 003 CaOOAMICUS 005 20200526100855.0 008 170725s1736 it u000 u ita u 013 $a52463 026 $ae,pi ,ei. a.i- S.St (3) 1736 (R) 040 $aSeMil$bita 110 0 $aConfraternita della Beata Vergine dei Sette Dolori .$0(OLS)http://semarc/name/111269 245 10$aSommario delle indulgenze delli confratelli della Compagnia di Santa Maria de' Servi detta delli Sette dolori di Maria Vergine eretta nella Chiesa di S. Dionigi, con l'aggiunta delle indulgenze concesse .. 260 $aIn Milano :$bNella Stampa di Paolo Antonio Montano,$c1736. 300 $a23, [1] p., [1] carta di tav. ;$c12°. 500 $aCarta di tav. con insegna della confraternita. - Segn.: A12. 650 4$aCongregazioni e confraternite religiose - Milano - Sec. 16.-18.$0(OLS)http://semarc/subject/49109 700 1 $aMontano, Paolo Antonio,$c.$0(OLS)http://semarc/name/82553 850 $aSeMil 852 $aSeMil$W1$xVenegono$y1$m3Z I 7/7 FA$j45763$B45763$CSeMilBibl$Z2$F47822 $8I 941 1 $a10 961 $aRecupero: Mantegazza 996 $6245$aSommario delle indulgenze delli confratelli della Compagnia di Santa Maria de' Servi detta delli Sette dolori di Maria Vergine eretta nella Chiesa di S. Dionigi, con l'aggiunta delle indulgenze concesse ..$9(OLS)http://semarc/title/403807 996 $6260$aIn Milano :$bNella Stampa di Paolo Antonio Montano$9(OLS)http://semarc/publisher/56489